banner-ar

THESAURES OF PSYCHOLOGY: TERMINOLOGICAL, DEFINITIONAL, AUTHORAL: ENGLISH - FRENCH - GERMAN \ ARABIC / (Record no. 14193)

MARC details
000 -الفاتح
حقل البيانات ثابتة الطول 00585nam a2200193Ia 4500
008 - عناصر البيانات ثابتة الطول - معلومات عامة
حقل البيانات ثابتة الطول 140319s9999 xx 000 0 eng d
040 ## - مصدر الفهرسة
وكالة الفهرسة الأصلية GCL /
وكالة النسخ GCL
082 04 - رقم تصنيف ديوى العشرى
رقم التصنيف 150.195
رقم المادة D T
100 1# - المدخل الرئيسى - إسم شخصى
الإسم الشخصى DESSOUGUI, KAMAL
245 10 - بيان العنوان
العنوان THESAURES OF PSYCHOLOGY: TERMINOLOGICAL, DEFINITIONAL, AUTHORAL: ENGLISH - FRENCH - GERMAN \ ARABIC /
بيان المسئوليه,etc DESSOUGUI, KAMAL
300 ## - الوصف المادى
التعداد MULTI
650 04 - المدخل الاضافى بالموضوع-مصطلح موضوعى
مصطلح موضوعي PSYCHIATRY
650 04 - المدخل الاضافى بالموضوع-مصطلح موضوعى
مصطلح موضوعي PSYCHOMETRY
650 04 - المدخل الاضافى بالموضوع-مصطلح موضوعى
مصطلح موضوعي PSYCHOPHYSICS
650 04 - المدخل الاضافى بالموضوع-مصطلح موضوعى
مصطلح موضوعي PSYCHO PHARMACOLOGY
942 ## - عناصر المدخل الإضافي( كوها)
مصدر التصنيف او مخطط الترفيف Dewey Decimal Classification
Koha [default] item type كتاب
260 ## - PUBLICATION, DISTRIBUTION, ETC. (IMPRINT)
-- [S.N] :
-- INTERNATIONAL PUBLISHING AND DISTRIBUTIO
Holdings
حالة التراجع حالة الفقد حالة تلف ليس للاعارة المكان المؤقت الموقع الحالى تاريخ الاكتساب اجمالي اﻻعارات رقم الطلب الباركود تاريخ اخر مشاهدة تاريخ تفعيل السعر نوع وعاء كوها
        مكتبة القاهرة الكبرى مكتبة القاهرة الكبرى 03/26/2014   150.195\D T 26687 03/26/2014 03/26/2014 كتاب

Powered By

EGPV